000 00663nam a2200229Ia 4500
005 20250108125028.0
008 008 250107s9999 xx 000 0 eng d
020 _a81-89308-06-8
037 _aTB
040 _aCRL
_beng
_cCRL
041 _aeng
_2eng
084 _aD65,8(B)P Q8
084 _qCRL
100 _aUsha Dev Ed.; Trikha Sudhir K. Ed.
_9730292
245 0 _aDoomed to failure:life and works of Shri S.K. Trikha
_cUsha Dev Ed.; Trikha Sudhir K. Ed.
260 _aDelhi, India
_bHemadri Prakashan
_c3072
300 _a232p.
365 _aINR
_b495
650 _aPHYSICS
942 _cTB
_hD65,8(B)P Q8
999 _c1235460
_d1235460